• 首页
  • 本馆介绍
  • 公告通知
  • 最新文献
  • 馆藏检索
  • 电子资源
  • 读者导购
  • 参考咨询
  • 我的图书馆
  • 登录
  • 详细信息显示
  • 放入我的书架
  • 预约/预借图书
  • 作者相关作品
  • 分类相关作品
  • 丛书相关作品
  • 出版社相关作品

书目信息

  • 表格格式
  • 工作单格式
  • 卡片格式
题名:
赵梦桃
    
 
作者: 于元 编著
分册:  
出版信息: 长春   吉林文史出版社  2012
页数: 126页
开本: 23cm
丛书名: 100位新中国成立以来感动中国人物丛书
单 册:
中图分类: K828.1=72 , K828.1
科图分类:
主题词: 工人--生平事迹--中国--现代--少年读物
电子资源:
ISBN: 978-7-5472-1260-8
000 01001oam2 2200277 450
001 2333296494
005 20231129021037.25
010    @a978-7-5472-1260-8@dCNY29.80
100    @a20130219d2012 em y0chiy50 ea
101 0  @achi
102    @aCN@b220000
105    @aa z 000yb
200 1  @a赵梦桃@Azhao meng tao@f于元编著
210    @a长春@c吉林文史出版社@d2012
215    @a126页@c图@d23cm
225 2  @a100位新中国成立以来感动中国人物丛书
300    @a社会主义核心价值体系建设“双百”出版工程项目
330    @a本书共分为: 赵梦桃精神过时了吗 (代序) ; 苦难的深渊 ; 感恩的心 ; 光荣入党 ; 党的好女儿 ; 薪火相传几部分, 主要内容包括: 笸箩里的幼年、穷人的孩子早当家等。
410  0 @12001 @a100位新中国成立以来感动中国人物丛书
600  0 @a赵梦桃,@9zhao meng tao@f1935-196@x生平事迹@j少年读物
606 0  @a工人@x生平事迹@y中国@z现代@j少年读物
690    @aK828.1=72@v5
690    @aK828.1@v4
701  0 @a于元@Ayu yuan@4编著
801  0 @aCN@b91MARC@c20130904
905    @aZUCC@dK828.1@e11
    
    赵梦桃/于元编著.-长春:吉林文史出版社,2012
    126页:图;23cm.-(100位新中国成立以来感动中国人物丛书)
    社会主义核心价值体系建设“双百”出版工程项目
    
    ISBN 978-7-5472-1260-8:CNY29.80
    本书共分为: 赵梦桃精神过时了吗 (代序) ; 苦难的深渊 ; 感恩的心 ; 光荣入党 ; 党的好女儿 ; 薪火相传几部分, 主要内容包括: 笸箩里的幼年、穷人的孩子早当家等。
●
相关链接 在五车中查询图书 在当当中查询图书 在豆瓣中查询图书


正题名:赵梦桃     索取号:K828.1/11         预约/预借

序号 登录号 条形码 馆藏地/架位号 状态 备注
1 2001004723   2001004723   第四书库/四31架A面6层2列/ [索取号:K828.1/11] 在馆    
2 2001004724   2001004724   第四书库/四31架A面6层2列/ [索取号:K828.1/11] 在馆    
3 2001004725   2001004725   第四书库/四31架A面6层2列/ [索取号:K828.1/11] 在馆    
4 2001004726   2001004726   第四书库/四31架A面6层2列/ [索取号:K828.1/11] 在馆    
5 2001004727   2001004727   第四书库/四31架A面6层2列/ [索取号:K828.1/11] 在馆    
6 2001004728   2001004728   第四书库/四31架A面6层2列/ [索取号:K828.1/11] 在馆    
山东省滨州职业学院图书馆 欢迎您!
大连网信软件有限公司© 版权所有